Fast Typing - Opposites Test - Statistics

General Stats
  • This quiz has been taken 2,743 times
  • The average score is 10 of 20
Answer Stats
START % Correct
FAST
100%
WIDE
93%
EMPTY
80%
LONG
77%
UNDER
74%
FALSE
69%
SAD
67%
GOOD
63%
YES
59%
YOUNG
58%
NEW
54%
BEFORE
50%
LEFT
44%
LOSE
39%
BEST
29%
MORE
25%
BOTTOM
20%
BLACK
16%
HOT
12%
FINISH
9%
No matching quizzes found
Score Distribution
Percent of People with Each Score
Percentile by Number Answered
Your Score History
You have not taken this quiz